[Event "11. OSEM SH"]
[Site "Büsum"]
[Date "2017.09.08"]
[Round "1.59"]
[White "Ehlert, Horst"]
[Black "Ludwig, Richard"]
[Result "1-0"]
[WhiteElo "1965"]
[BlackElo "1662"]
[PlyCount "94"]
[EventDate "2017.??.??"]
[WhiteTeam "SV Laatzen"]
[BlackTeam "SV Irxleben"]

1. c4 Nc6 2. g3 e5 3. Bg2 Nf6 4. e3 d5 5. cxd5 Nxd5 6. a3 g6 7. b4 Bg7 8. Bb2
O-O 9. Ne2 Re8 10. O-O Be6 11. Nbc3 Qd7 12. Ne4 b6 13. Rc1 Rac8 14. Ng5 Nce7
15. h3 c6 16. d4 h6 17. Nxe6 Qxe6 18. dxe5 Bxe5 19. Bxe5 Qxe5 20. Qd4 Qxd4 21.
Nxd4 Red8 22. Rfd1 Kf8 23. Nxc6 Rxc6 24. Rxc6 Nxc6 25. Rxd5 Rxd5 26. Bxd5 Ne7
27. Be4 Kg7 28. Kf1 f5 29. Bb7 Kf6 30. Ke2 g5 31. f4 Ke6 32. Kd3 Kd6 33. fxg5
hxg5 34. h4 gxh4 35. gxh4 Ke5 36. Kc4 Kd6 37. h5 Kc7 38. Bf3 Ng8 39. Bd5 Nh6
40. Bf3 a6 41. Kd5 Kd7 42. Ke5 Ke7 43. Be2 a5 44. b5 Kf7 45. Kd5 Ng4 46. Kc6
Nxe3 47. Kxb6 Nc4+ 1-0

[Event "11. OSEM SH"]
[Site "Büsum"]
[Date "2017.09.08"]
[Round "1.60"]
[White "Graffenberger, Wilhelm"]
[Black "Armbrüster, Jürgen"]
[Result "1/2-1/2"]
[WhiteElo "1651"]
[BlackElo "1961"]
[PlyCount "53"]
[EventDate "2017.??.??"]
[WhiteTeam "Hamburger SK"]
[BlackTeam "SF Katernberg"]

1. d4 Nf6 2. Nf3 g6 3. e3 d5 4. Bd3 Bg7 5. Nbd2 O-O 6. O-O Nbd7 7. Re1 c5 8. c3
b6 9. e4 dxe4 10. Nxe4 cxd4 11. cxd4 Bb7 12. Bf4 Nd5 13. Bg3 Rc8 14. Rc1 Rxc1
15. Qxc1 Qa8 16. Bb5 Rc8 17. Qd2 Bc6 18. Nc3 Nxc3 19. Bxc6 Qxc6 20. bxc3 Qxc3
21. Rxe7 Qxd2 22. Nxd2 Nf8 23. d5 a5 24. Bc7 Bh6 25. Nf1 Bg5 26. d6 Ne6 27. Rd7
1/2-1/2

[Event "11. OSEM SH"]
[Site "Büsum"]
[Date "2017.09.08"]
[Round "1.61"]
[White "Gebuhr, Günter"]
[Black "Alicke, Manfred"]
[Result "1-0"]
[WhiteElo "1961"]
[BlackElo "1646"]
[PlyCount "107"]
[EventDate "2017.??.??"]
[WhiteTeam "SSV Weimar"]
[BlackTeam "SV Grevenbroich"]

1. e4 g6 2. d4 Bg7 3. Nf3 d6 4. Be3 c6 5. a4 a5 6. Be2 h6 7. O-O e6 8. Nc3 Nd7
9. Qd2 Ndf6 10. h3 Bd7 11. Rad1 d5 12. e5 Nh7 13. Bd3 Nf8 14. Ne2 Ne7 15. Ng3
Nf5 16. Bxf5 exf5 17. h4 Ne6 18. h5 Nf8 19. Qd3 Qc8 20. Nd2 g5 21. f4 g4 22. c4
Be6 23. cxd5 cxd5 24. Rc1 Qd7 25. Qc3 Nh7 26. Rc2 Bf8 27. Qb3 Bb4 28. Rfc1 O-O
29. Rc7 Qd8 30. Rxb7 Rc8 31. Qd1 Rxc1 32. Qxc1 Qa8 33. Rc7 Rc8 34. Nb3 Qb8 35.
Rxc8+ Qxc8 36. Qxc8+ Bxc8 37. Bd2 f6 38. Bxb4 axb4 39. Nc5 fxe5 40. dxe5 Nf8
41. Kf2 Kf7 42. Ke3 Ne6 43. Nxe6 Kxe6 44. Kd4 Bb7 45. b3 Ba6 46. Kc5 Bd3 47.
Kxb4 Be4 48. Nxe4 fxe4 49. Kc3 g3 50. a5 e3 51. a6 Kf5 52. a7 Ke4 53. a8=Q e2
54. Kd2 1-0

[Event "11. OSEM SH"]
[Site "Büsum"]
[Date "2017.09.08"]
[Round "1.62"]
[White "Hilbig, Klaus"]
[Black "Zimmermann, Manfred"]
[Result "0-1"]
[WhiteElo "1646"]
[BlackElo "1949"]
[PlyCount "87"]
[EventDate "2017.??.??"]
[WhiteTeam "Ahrensburger TSV"]
[BlackTeam "Kieler SG"]

1. d4 Nf6 2. Nf3 e6 3. e3 g6 4. Nbd2 d5 5. c4 Bg7 6. cxd5 exd5 7. Bd3 O-O 8.
O-O Nbd7 9. b4 c6 10. a4 b6 11. Ba3 Re8 12. Qc2 Bb7 13. Rac1 Rc8 14. Qb1 Bf8
15. Qb3 Kg7 16. b5 c5 17. dxc5 bxc5 18. Bb1 Bd6 19. Bb2 Bc7 20. Rfd1 Ba5 21.
Qd3 Kg8 22. Ba1 Ne4 23. Nxe4 Rxe4 24. Nd2 Re7 25. Nf3 f6 26. Ba2 c4 27. Qc2 Qe8
28. Bd4 Bb6 29. Bc3 Bc5 30. a5 Kg7 31. Rd2 Ne5 32. Nxe5 fxe5 33. Qb2 Kh6 34.
Re2 Rd8 35. Qd2 g5 36. Qb2 Rd6 37. Rce1 Rde6 38. Bb1 d4 39. exd4 exd4 40. Rxe6+
Rxe6 41. Rxe6+ Qxe6 42. Bb4 c3 43. Bxc3 Qd5 44. f3 0-1

[Event "11. OSEM SH"]
[Site "Büsum"]
[Date "2017.09.08"]
[Round "1.63"]
[White "Gottschalk, Jürgen"]
[Black "Wittkugel, Friedhelm"]
[Result "0-1"]
[WhiteElo "1639"]
[BlackElo "1941"]
[PlyCount "66"]
[EventDate "2017.??.??"]
[WhiteTeam "SV Parchim"]
[BlackTeam "SV Kamen"]

1. e4 c5 2. Nf3 Nc6 3. Nc3 g6 4. d4 cxd4 5. Nxd4 Bg7 6. Be3 d6 7. Bc4 Nf6 8. h3
O-O 9. Qd2 Re8 10. O-O a6 11. a4 Bd7 12. Nf3 Qc7 13. Rab1 Na5 14. Bd3 Nc4 15.
Bxc4 Qxc4 16. b3 Qc6 17. Qd3 Rac8 18. Bd2 Nh5 19. Nd4 Qc5 20. Nce2 d5 21. exd5
Qxd5 22. c4 Qd6 23. Qe3 e5 24. Nf3 Bc6 25. c5 Qe7 26. Rfe1 f5 27. Bb4 f4 28.
Nxf4 Nxf4 29. Bc3 Bxf3 30. Qxf3 Qxc5 31. Rbc1 Qc6 32. Qg4 Nd3 33. Bxe5 Nxc1 0-1

[Event "11. OSEM SH"]
[Site "Büsum"]
[Date "2017.09.08"]
[Round "1.64"]
[White "Piastowski, Kurt"]
[Black "Kühnen, Gerhard"]
[Result "1/2-1/2"]
[WhiteElo "1940"]
[BlackElo "1639"]
[PlyCount "66"]
[EventDate "2017.??.??"]
[WhiteTeam "Brühler SK"]
[BlackTeam "Flensburger SK"]

1. d4 Nf6 2. Nf3 d6 3. c4 c6 4. Nc3 Nbd7 5. Bg5 Qc7 6. e4 e5 7. d5 Be7 8. Be2
Nc5 9. Qc2 O-O 10. Rc1 Re8 11. O-O a6 12. b4 Ncd7 13. Nd2 Qb8 14. Be3 c5 15. a3
b6 16. f4 exf4 17. Bxf4 Ne5 18. Rb1 Bg4 19. Bxg4 Nfxg4 20. h3 Nf6 21. bxc5 dxc5
22. Nf3 Nfd7 23. Nxe5 Nxe5 24. Na4 b5 25. Qf2 Bd6 26. Bxe5 Bxe5 27. Qxf7+ Kh8
28. Nb2 Rf8 29. Qxf8+ Qxf8 30. Rxf8+ Rxf8 31. cxb5 Bd4+ 32. Kh2 Be5+ 33. Kg1
Bd4+ 1/2-1/2

[Event "11. OSEM SH"]
[Site "Büsum"]
[Date "2017.09.08"]
[Round "1.65"]
[White "Bierwald, Martin"]
[Black "Thieme, Wolfgang"]
[Result "0-1"]
[WhiteElo "1637"]
[BlackElo "1939"]
[PlyCount "56"]
[EventDate "2017.??.??"]
[WhiteTeam "Königsspr. SC"]
[BlackTeam "SC Bayer Uerdingen"]

1. e4 c5 2. Nc3 a6 3. g3 Nc6 4. Bg2 Nf6 5. d3 g6 6. Be3 d6 7. Qd2 Ng4 8. f4
Nxe3 9. Qxe3 Bg7 10. Nf3 Nd4 11. Qd2 Bg4 12. O-O e6 13. Rab1 Qd7 14. Kh1 Rc8
15. Nxd4 cxd4 16. Ne2 e5 17. Rbc1 h5 18. h4 O-O 19. fxe5 dxe5 20. Kh2 Kh7 21.
Qd1 Bh6 22. Rb1 Qa4 23. a3 Qxc2 24. Bf3 Qxd1 25. Rbxd1 Bxf3 26. Rxf3 Rc2 27.
Rf2 Be3 28. Rg2 Rxb2 0-1

[Event "11. OSEM SH"]
[Site "Büsum"]
[Date "2017.09.08"]
[Round "1.66"]
[White "Baerthel, Klaus"]
[Black "Lachat, Martin"]
[Result "1/2-1/2"]
[WhiteElo "1938"]
[BlackElo "1636"]
[PlyCount "50"]
[EventDate "2017.??.??"]
[WhiteTeam "Naumburger SV"]
[BlackTeam "ASK Réti Zürich"]

1. e4 d5 2. exd5 Qxd5 3. Nc3 Qa5 4. d4 c6 5. Nf3 Bf5 6. Bd2 Qc7 7. g3 e6 8. Bf4
Bd6 9. Bxd6 Qxd6 10. Qd2 Nf6 11. Bg2 Ne4 12. Nxe4 Bxe4 13. O-O Nd7 14. Rfe1 Nf6
15. c3 O-O 16. Qe3 Rad8 17. Re2 Qd5 18. Nh4 Bxg2 19. Nxg2 Ng4 20. Qe4 Qxe4 21.
Rxe4 Nf6 22. Re2 Rd7 23. Nf4 Rfd8 24. Rae1 Nd5 25. Nxd5 Rxd5 1/2-1/2

[Event "11. OSEM SH"]
[Site "Büsum"]
[Date "2017.09.08"]
[Round "1.67"]
[White "Berber, Theodor"]
[Black "Meul, Willi"]
[Result "0-1"]
[WhiteElo "1627"]
[BlackElo "1938"]
[PlyCount "70"]
[EventDate "2017.??.??"]
[WhiteTeam "SK Kaltenkirchen"]
[BlackTeam "SV Hürth-Berrenrath"]

1. d4 d5 2. Nf3 Nf6 3. e3 e6 4. Bd3 b6 5. Nbd2 Bb7 6. O-O Be7 7. Qe2 Nbd7 8.
Ne5 O-O 9. f4 c5 10. c3 Ne4 11. Qf3 f5 12. Bb5 Nxe5 13. dxe5 a6 14. Ba4 b5 15.
Bc2 Rc8 16. Rd1 Qb6 17. Bxe4 dxe4 18. Qf2 Rfd8 19. b3 Rd3 20. Bb2 c4 21. Nf1
Rcd8 22. Qe2 R8d5 23. Kf2 Qd8 24. Ke1 Bc5 25. b4 Bb6 26. a3 Bc6 27. Rac1 Be8
28. g3 Bf7 29. Rxd3 cxd3 30. Qd2 Bh5 31. Kf2 Be2 32. Re1 Qe8 33. Kg1 Qh5 34.
Bc1 Qf3 35. h3 h5 0-1

[Event "11. OSEM SH"]
[Site "Büsum"]
[Date "2017.09.08"]
[Round "1.68"]
[White "Jovi, Klaus"]
[Black "Schirmer, Werner"]
[Result "0-1"]
[WhiteElo "1608"]
[BlackElo "1931"]
[PlyCount "30"]
[EventDate "2017.??.??"]
[WhiteTeam "SV Grevenbroich"]
[BlackTeam "Hamburger SK"]

1. e4 c5 2. c3 d5 3. d4 dxe4 4. dxc5 Qxd1+ 5. Kxd1 e6 6. Be3 Nf6 7. h3 Be7 8.
Bc4 O-O 9. Ne2 Nc6 10. Kc2 Ne5 11. Na3 b6 12. b4 bxc5 13. Bxc5 Bxc5 14. bxc5
Nxc4 15. Nxc4 Ba6 0-1

[Event "11. OSEM SH"]
[Site "Büsum"]
[Date "2017.09.08"]
[Round "1.69"]
[White "Schwertel, Johann"]
[Black "Weck, Uwe"]
[Result "1-0"]
[WhiteElo "1930"]
[BlackElo "1591"]
[Annotator "Gemkow,Jan Marten"]
[PlyCount "32"]
[EventDate "2017.??.??"]
[WhiteTeam "SV Koblenz"]
[BlackTeam "SK Kaltenkirchen"]

1. d4 d5 2. Nf3 Nf6 3. Bf4 e6 4. Nbd2 Nc6 5. e3 Bd6 6. Bg5 h6 7. Bh4 a6 8. Be2
Bd7 9. O-O g5 10. Bg3 Bxg3 11. hxg3 Qe7 12. c4 O-O-O 13. c5 e5 14. a3 e4 15.
Nh2 b5 16. a4 Na7 {Rest nicht rekonstruierbar} 1-0

[Event "11. OSEM SH"]
[Site "Büsum"]
[Date "2017.09.08"]
[Round "1.70"]
[White "Baumast, Bernd"]
[Black "Schwetje, Siegfried"]
[Result "1/2-1/2"]
[WhiteElo "1583"]
[BlackElo "1930"]
[PlyCount "55"]
[EventDate "2017.??.??"]
[WhiteTeam "SV Bad Oldesloe"]
[BlackTeam "SC Bad Salzdetfurth"]

1. b4 d5 2. Bb2 Bf5 3. e3 e6 4. c4 Nf6 5. b5 Nbd7 6. Nf3 Bd6 7. Nd4 Bg6 8. Be2
O-O 9. O-O Qc8 10. f4 c5 11. f5 exf5 12. Nxf5 Qc7 13. Nxd6 Qxd6 14. Bxf6 Nxf6
15. d3 dxc4 16. dxc4 Qe5 17. Nd2 Qxe3+ 18. Kh1 Rad8 19. Bf3 Qxd2 20. Qxd2 Rxd2
21. Bxb7 Re8 22. a4 Ree2 23. a5 Ra2 24. b6 Ne4 25. Bd5 Rxg2 26. Rxa2 Rxa2 27.
b7 Rb2 28. Ra1 1/2-1/2

[Event "11. OSEM SH"]
[Site "Büsum"]
[Date "2017.09.08"]
[Round "1.71"]
[White "Hellwege, Werner"]
[Black "Stratmann, Alois"]
[Result "1-0"]
[WhiteElo "1929"]
[BlackElo "1580"]
[PlyCount "138"]
[EventDate "2017.??.??"]
[WhiteTeam "HSK LTu"]
[BlackTeam "SV Ahlen"]

1. d4 Nf6 2. Nf3 e6 3. c4 c5 4. Nc3 a6 5. g3 Nc6 6. d5 exd5 7. Nxd5 Nxd5 8.
cxd5 Nb8 9. Bg2 d6 10. O-O Be7 11. a4 O-O 12. e4 Nd7 13. Be3 a5 14. Qc2 Rb8 15.
Bd2 Bf6 16. Bc3 b6 17. Rfe1 Re8 18. Bf1 Bxc3 19. Qxc3 Ne5 20. Nxe5 dxe5 21. Bb5
Bd7 22. Bxd7 Qxd7 23. Kg2 f6 24. b3 Qd6 25. Rad1 Rbd8 26. Qd3 Rc8 27. Rg1 Kh8
28. Rdf1 Rf8 29. f4 Rfe8 30. f5 Rg8 31. Kh1 Rc7 32. g4 g5 33. fxg6 Rxg6 34. Rf5
Rcg7 35. h3 h6 36. Qf3 Rf7 37. Rf1 Kg7 38. Rg1 Kh7 39. Rg2 Kg7 40. Kg1 Kf8 41.
Rh5 Kg7 42. Rf5 Kf8 43. Kf1 Rg5 44. Ke2 Rg6 45. Rf2 Ke7 46. Qd3 Rf8 47. Qb5 Rc8
48. Kd3 Rd8 49. Kc4 Rc8 50. Rd2 Rc7 51. Qa6 Rd7 52. Qc8 Rd8 53. Qa6 Qb8 54.
Rff2 Rd6 55. Rf5 Kf7 56. Rg2 Ke7 57. Kc3 Kf7 58. Qe2 Qe8 59. Kc4 Qb8 60. Kc3
Qc8 61. h4 Ke7 62. Qf1 Qg8 63. Qf3 Qh8 64. Kc4 Qe8 65. Rf2 Qg8 66. h5 Rxg4 67.
Rxf6 Rxe4+ 68. Qxe4 Rxf6 69. Qxe5+ Re6 1-0

[Event "11. OSEM SH"]
[Site "Büsum"]
[Date "2017.09.08"]
[Round "1.72"]
[White "Rudolph, Karl-Heinz"]
[Black "Bieberle, Gerhart"]
[Result "0-1"]
[WhiteElo "1577"]
[BlackElo "1927"]
[PlyCount "88"]
[EventDate "2017.??.??"]
[WhiteTeam "SV Irxleben"]
[BlackTeam "PTSVAachen"]

1. e4 c5 2. Nf3 g6 3. d4 b6 4. d5 d6 5. c4 Bg7 6. Qc2 e5 7. Bg5 f6 8. Bh4 Ne7
9. Nbd2 Bd7 10. Bd3 a6 11. O-O g5 12. Bg3 Ng6 13. Rae1 h5 14. h4 Bh6 15. hxg5
fxg5 16. Rd1 Nf4 17. Bxf4 gxf4 18. Be2 Bg4 19. Qa4+ Qd7 20. Qb3 Qc7 21. Rfe1
Nd7 22. Nh4 Nf6 23. Nf5 Kf7 24. Nf3 Rag8 25. Qd3 Bxf5 26. exf5 e4 27. Qc3 exf3
28. Bxf3 Re8 29. Re6 Rxe6 30. dxe6+ Ke7 31. Bxh5 Bg7 32. Bg6 Ne8 33. Qd2 Be5
34. Qd5 Nf6 35. Qf3 b5 36. b3 b4 37. Rd2 a5 38. Rd3 Rb8 39. Qh3 Qc6 40. f3 Qc8
41. Qh4 Qh8 42. Qg5 Qg7 43. Qh4 Rh8 44. g4 Rxh4 0-1

[Event "11. OSEM SH"]
[Site "Büsum"]
[Date "2017.09.08"]
[Round "1.73"]
[White "Pamperin, Gerhard"]
[Black "Schütt, Günter"]
[Result "1-0"]
[WhiteElo "1927"]
[BlackElo "1573"]
[PlyCount "61"]
[EventDate "2017.??.??"]
[WhiteTeam "SF Schwerin"]
[BlackTeam "SV Strand"]

1. d4 e6 2. c4 Nf6 3. Nf3 Nc6 4. Nc3 Be7 5. e4 d6 6. a3 b6 7. Bd3 Bb7 8. O-O
O-O 9. Bg5 Nb8 10. h3 Nbd7 11. Rc1 c5 12. d5 h6 13. Be3 exd5 14. exd5 Nh7 15.
Qc2 Nhf6 16. Bf4 Re8 17. Rfe1 Nf8 18. Re2 Bc8 19. Rce1 Bd7 20. Bh2 N6h7 21. Bf5
Bxf5 22. Qxf5 Qc7 23. Nb5 Qd8 24. Bxd6 Ng6 25. Bg3 a6 26. Nc7 Qc8 27. Qxc8
Raxc8 28. Nxe8 Rxe8 29. d6 Bxd6 30. Rxe8+ Nhf8 31. Bxd6 1-0

[Event "11. OSEM SH"]
[Site "Büsum"]
[Date "2017.09.08"]
[Round "1.74"]
[White "Ketelsen, Herbert"]
[Black "Urbanek, Paul-Gerhard"]
[Result "0-1"]
[WhiteElo "1565"]
[BlackElo "1927"]
[PlyCount "72"]
[EventDate "2017.??.??"]
[WhiteTeam "SK Kaltenkirchen"]
[BlackTeam "SF Buxtehude"]

1. d4 Nf6 2. c4 e6 3. Nf3 Be7 4. e3 O-O 5. Bd3 d5 6. c5 Nc6 7. a3 b6 8. b4 bxc5
9. bxc5 Ne4 10. O-O Bf6 11. Qc2 Bb7 12. Nbd2 e5 13. Qb2 Nxd2 14. Nxd2 Rb8 15.
Nb3 exd4 16. exd4 Ba8 17. Qc3 Qd7 18. Be3 Nd8 19. Rab1 Ne6 20. Nd2 h6 21. h3
Ng5 22. Rxb8 Rxb8 23. Rb1 Re8 24. Bxg5 Bxg5 25. Nf3 Bf6 26. Re1 Rxe1+ 27. Qxe1
Qa4 28. Qc3 Bc6 29. Bc2 Qa6 30. Qb4 Qb5 31. Qc3 g6 32. Qe3 Qb2 33. Bd1 Qa1 34.
Qd3 Ba4 35. Kh2 Bxd1 36. Ng1 Qxd4 0-1

[Event "11. OSEM SH"]
[Site "Büsum"]
[Date "2017.09.08"]
[Round "1.75"]
[White "Fleischer, Matthias"]
[Black "Girod, Gudrun"]
[Result "1-0"]
[WhiteElo "1926"]
[BlackElo "1546"]
[PlyCount "25"]
[EventDate "2017.??.??"]
[WhiteTeam "SV Einheit Schwerin"]
[BlackTeam "Hannover 96"]

1. d4 d5 2. Nf3 e6 3. Bg5 Nf6 4. e3 Be7 5. Bxf6 Bxf6 6. Bd3 Nd7 7. c3 O-O 8. h4
e5 9. Bxh7+ Kxh7 10. Ng5+ Kg8 11. Qh5 Bxg5 12. hxg5 f5 13. g6 1-0

[Event "11. OSEM SH"]
[Site "Büsum"]
[Date "2017.09.08"]
[Round "1.76"]
[White "Klose, Hans-Peter"]
[Black "Lehr, Thomas"]
[Result "0-1"]
[WhiteElo "1537"]
[BlackElo "1922"]
[PlyCount "36"]
[EventDate "2017.??.??"]
[WhiteTeam "ESV Göttingen"]
[BlackTeam "Husumer SV"]

1. c4 Nf6 2. g3 e5 3. Bg2 Nc6 4. e3 d6 5. Ne2 Be6 6. d3 Qd7 7. O-O Bh3 8. Nbc3
h5 9. Nd5 h4 10. Nxf6+ gxf6 11. Nf4 exf4 12. exf4 Bxg2 13. Re1+ Be7 14. f5 h3
15. d4 Qxf5 16. Bf4 Rh4 17. Qd2 Rxf4 18. gxf4 Bf3 0-1

[Event "11. OSEM SH"]
[Site "Büsum"]
[Date "2017.09.08"]
[Round "1.77"]
[White "Gehrmann, Dorit"]
[Black "Schumacher, Ursula"]
[Result "1-0"]
[WhiteElo "1920"]
[BlackElo "1519"]
[PlyCount "43"]
[EventDate "2017.??.??"]
[WhiteTeam "SV Eutin"]
[BlackTeam "HTC Bad Neuenahr"]

1. e4 c6 2. d4 d5 3. Nc3 dxe4 4. Nxe4 Bf5 5. Ng3 Nf6 6. Nxf5 Qa5+ 7. c3 Qxf5 8.
Nf3 Nbd7 9. Be2 e5 10. Qb3 b5 11. O-O a5 12. Nxe5 Nxe5 13. dxe5 a4 14. Qd1 Rd8
15. Qe1 Qxe5 16. Bxb5 Qxe1 17. Bxc6+ Nd7 18. Rxe1+ Be7 19. Bxa4 f6 20. Bf4 Ra8
21. Bxd7+ Kxd7 22. Rad1+ 1-0

[Event "11. OSEM SH"]
[Site "Büsum"]
[Date "2017.09.08"]
[Round "1.78"]
[White "Deak-Willimsky, Emanuela"]
[Black "Fleischer, Martin"]
[Result "0-1"]
[WhiteElo "1502"]
[BlackElo "1919"]
[PlyCount "68"]
[EventDate "2017.??.??"]
[WhiteTeam "SF Furtwangen-Vöhrenbach"]
[BlackTeam "SV Einheit Schwerin"]

1. c4 e6 2. Nc3 Nf6 3. d3 Bb4 4. Nf3 c6 5. a3 Ba5 6. b4 Bc7 7. g3 d5 8. c5 e5
9. Bg2 Bg4 10. O-O h6 11. h3 Bf5 12. g4 Bh7 13. a4 Nbd7 14. a5 Rc8 15. Ba3 Bb8
16. Nh2 Qc7 17. f3 e4 18. f4 exd3 19. exd3 O-O 20. Rf2 Rfe8 21. Qd2 Nf8 22. Bb2
Ng6 23. Ne2 Nd7 24. Bh1 b6 25. Raf1 bxc5 26. bxc5 Nxc5 27. Bxg7 Nxd3 28. Rf3
Rxe2 29. Qxe2 Ngxf4 30. Rxf4 Nxf4 31. Qe3 Kxg7 32. Qd4+ f6 33. Qe3 a6 34. Rf2
Ba7 0-1

[Event "11. OSEM SH"]
[Site "Büsum"]
[Date "2017.09.08"]
[Round "1.79"]
[White "Kluger, Hans-Peter"]
[Black "Geibel, Henning"]
[Result "1-0"]
[WhiteElo "1917"]
[BlackElo "1475"]
[PlyCount "116"]
[EventDate "2017.??.??"]
[WhiteTeam "SF Fallersleben"]
[BlackTeam "SV Bargteheide"]

1. c4 e6 2. Nc3 Nf6 3. d4 h6 4. a3 c5 5. e3 Be7 6. Nf3 O-O 7. d5 exd5 8. Nxd5
Ne4 9. Bd3 Nf6 10. Nxe7+ Qxe7 11. O-O d5 12. cxd5 Nxd5 13. Qc2 Nf6 14. Bd2 Bg4
15. Bc3 Bxf3 16. gxf3 Nd5 17. Bd2 Qg5+ 18. Kh1 Nf6 19. Rg1 Qd5 20. e4 Qh5 21.
Rg3 Nc6 22. Rag1 Ne8 23. Bc3 Nd4 24. Qa4 Nxf3 25. R1g2 Ne5 26. Bb5 g6 27. f4
Nc6 28. Be2 Qh4 29. Rg4 Qe7 30. e5 Ng7 31. Qc4 Kh7 32. Bd3 Qe6 33. Qxc5 b6 34.
Qf2 Rad8 35. Bc2 Nf5 36. h4 Ncd4 37. Be4 Nb3 38. Rg1 Nc5 39. Bc2 Qc6+ 40. Kh2
Ne4 41. Qf3 Rd2+ 42. R1g2 Rxg2+ 43. Rxg2 Nxh4 44. Qxe4 Qxe4 45. Bxe4 Nxg2 46.
Kxg2 Rd8 47. Kg3 Rd1 48. Kf2 h5 49. Bc2 Rh1 50. Bb3 Kg7 51. Kg2 Rh4 52. e6+ Kf8
53. Bb4+ Kg7 54. e7 Rxf4 55. e8=Q Rg4+ 56. Kf3 Kh6 57. Bd2+ Kg7 58. Qxf7+ Kh8
1-0

[Event "11. OSEM SH"]
[Site "Büsum"]
[Date "2017.09.08"]
[Round "1.80"]
[White "Oettel, Lothar"]
[Black "Petersen, Günter"]
[Result "1-0"]
[WhiteElo "1937"]
[BlackElo "1615"]
[PlyCount "54"]
[EventDate "2017.??.??"]
[WhiteTeam "TSG Oberschöneweide"]
[BlackTeam "Segeberger SF"]

1. d4 Nf6 2. c4 d5 3. e3 e6 4. Nc3 Nc6 5. Nf3 Bd6 6. b3 Bb4 7. Bd2 Ne4 8. Nxe4
dxe4 9. Ng1 Be7 10. Qg4 O-O 11. Qxe4 f5 12. Qc2 a5 13. Nf3 Bf6 14. Rd1 Qe7 15.
Be2 b6 16. O-O Bb7 17. Bc3 Rad8 18. d5 exd5 19. cxd5 Nb4 20. Bxb4 axb4 21. Qxf5
Bc3 22. Qe6+ Qxe6 23. dxe6 Rde8 24. Rd7 Bf6 25. Rxc7 Re7 26. Rxe7 Bxe7 27. Rd1
h6 1-0

[Event "11. OSEM SH"]
[Site "Büsum"]
[Date "2017.09.08"]
[Round "1.81"]
[White "Mentink, Toon"]
[Black "Van Houten, Henk"]
[Result "1-0"]
[WhiteElo "1946"]
[BlackElo "1645"]
[Annotator "Gemkow,Jan Marten"]
[PlyCount "88"]
[EventDate "2017.??.??"]
[WhiteTeam "Stukkenjagers"]
[BlackTeam "SC Gronau"]

1. c4 d6 2. Nf3 g6 3. g3 Bg7 4. Bg2 c5 5. Nc3 e6 6. O-O Nc6 7. d3 Nge7 8. Bd2
O-O 9. Qc1 f6 10. a3 Rf7 11. h4 h5 12. Qb1 Nd4 13. Nxd4 cxd4 14. Ne4 Nf5 15. b4
Rb8 16. Qb3 Kh8 17. Bf4 e5 18. Bc1 Be6 19. Qb1 b6 20. Nd2 Nh6 21. Bb2 Ng4 22.
Re1 f5 23. Nf3 Bh6 24. Bc1 Bxc1 25. Qxc1 f4 26. Ng5 Rf6 27. Bd5 Bxd5 28. cxd5
fxg3 29. fxg3 Rc8 30. Qd2 Ne3 31. Rac1 Rxc1 32. Qxc1 Nxd5 33. Qc6 Qg8 34. Qd7
Qg7 35. Qc8+ Qg8 36. Qd7 Qg7 37. Qe8+ Qg8 38. Qc6 Ne3 39. Rc1 Qd5 40. Qxd5 Nxd5
41. Rc8+ Kg7 42. Ra8 Ne3 43. Rxa7+ Kg8 44. Ra8+ Kg7 {Rest nicht rekonstruierbar
} 1-0

[Event "11. OSEM SH"]
[Site "Büsum"]
[Date "2017.09.08"]
[Round "1.82"]
[White "Howe, Dietrich"]
[Black "Gerhards, Walter"]
[Result "0-1"]
[WhiteElo "1471"]
[BlackElo "1916"]
[PlyCount "94"]
[EventDate "2017.??.??"]
[WhiteTeam "SK Kaltenkirchen"]
[BlackTeam "Ratinger SK"]

1. Nf3 Nf6 2. c4 e6 3. Nc3 d5 4. cxd5 exd5 5. g3 Nc6 6. d4 Be7 7. Bg2 O-O 8.
O-O Re8 9. a3 a6 10. Qc2 h6 11. b4 Bg4 12. e3 Bf8 13. h3 Bh5 14. Re1 Bg6 15.
Qd1 Ne4 16. Ne2 Bd6 17. Nd2 Qf6 18. Nxe4 Bxe4 19. Nc3 Bxg2 20. Kxg2 Ne7 21. e4
dxe4 22. Nxe4 Qg6 23. Nxd6 Qxd6 24. Bf4 Qc6+ 25. Kg1 Nd5 26. Rc1 Qd7 27. Rxe8+
Rxe8 28. Qf3 c6 29. g4 Qe6 30. Bd2 Qe4 31. Kg2 Qxd4 32. Rd1 Qe4 33. Qxe4 Rxe4
34. Kf3 Rd4 35. Ke2 f6 36. f3 Kf7 37. h4 h5 38. g5 Rxh4 39. gxf6 Kxf6 40. Be1
Rh2+ 41. Kd3 Kf5 42. Kd4 h4 43. Bd2 h3 44. f4 Rg2 45. Kd3 h2 46. Re1 Rg1 47.
Re5+ Kf6 0-1

[Event "11. OSEM SH"]
[Site "Büsum"]
[Date "2017.09.08"]
[Round "1.83"]
[White "Van Dongen, Rob"]
[Black "Engel, Peter"]
[Result "1-0"]
[WhiteElo "1907"]
[BlackElo "1448"]
[PlyCount "51"]
[EventDate "2017.??.??"]
[WhiteTeam "VAS Amsterdam"]
[BlackTeam "Schachpinguine Berlin"]

1. d4 Nf6 2. c4 g6 3. Nc3 d5 4. cxd5 Nxd5 5. e4 Nxc3 6. bxc3 Bg7 7. Be3 c5 8.
Rc1 Qa5 9. Qd2 Nd7 10. Nf3 O-O 11. Bd3 Rd8 12. O-O a6 13. Rfd1 b6 14. h3 Bb7
15. d5 c4 16. Bb1 b5 17. Bd4 Nf6 18. Qe3 Rd6 19. Bc5 Nxd5 20. exd5 Rxd5 21.
Rxd5 Bxd5 22. Bb4 Qc7 23. Qxe7 Qc6 24. Re1 Bxf3 25. gxf3 Qxf3 26. Be4 1-0

[Event "11. OSEM SH"]
[Site "Büsum"]
[Date "2017.09.08"]
[Round "1.84"]
[White "Kaspschak, Karola"]
[Black "Meinke, Dietlind"]
[Result "0-1"]
[WhiteElo "1435"]
[BlackElo "1906"]
[PlyCount "84"]
[EventDate "2017.??.??"]
[WhiteTeam "Sf Barsinghausen"]
[BlackTeam "MTV Leck"]

1. d4 d5 2. c4 e6 3. Nc3 Nf6 4. e3 c6 5. Nf3 Be7 6. Be2 Nbd7 7. O-O O-O 8. cxd5
exd5 9. b3 Re8 10. h3 Bd6 11. Re1 Ne4 12. Bb2 f5 13. Bd3 Bb4 14. Qc2 Bd6 15. a3
Ndf6 16. Nd1 Nh5 17. Ne5 Be6 18. Bc3 Nxc3 19. Nxc3 g6 20. b4 a6 21. Ne2 Qh4 22.
Qd2 Re7 23. Nf4 Nxf4 24. exf4 Rae8 25. Re3 Bc7 26. Rg3 Qf6 27. Qe3 Bf7 28. Rc1
Bb6 29. Kh2 Qd6 30. Re1 Kg7 31. Bxf5 Qf6 32. Bd3 Be6 33. Ng4 Bxg4 34. hxg4 Rxe3
35. Rexe3 Qf7 36. Rxe8 Qxe8 37. Re3 Qd7 38. Rf3 Qxg4 39. Be2 Bxd4 40. g3 Qe6
41. Rd3 Qxe2 42. Rxd4 Qxf2+ 0-1

[Event "11. OSEM SH"]
[Site "Büsum"]
[Date "2017.09.08"]
[Round "1.85"]
[White "Bendisch, Jürgen"]
[Black "Lambrecht, Harald"]
[Result "1-0"]
[WhiteElo "1903"]
[BlackElo "1414"]
[PlyCount "55"]
[EventDate "2017.??.??"]
[WhiteTeam "SV Hennef"]
[BlackTeam "SK Celle-Westercelle"]

1. d4 e6 2. Nf3 d5 3. Bf4 Bd6 4. Bg3 Bxg3 5. hxg3 c6 6. c3 Qb6 7. Qb3 Nd7 8.
Nbd2 c5 9. Qc2 Ngf6 10. dxc5 Nxc5 11. e3 Bd7 12. Be2 Nfe4 13. O-O Nxd2 14. Nxd2
O-O 15. Rac1 f5 16. c4 Rac8 17. b3 a6 18. Qd1 Bc6 19. Nf3 Nd7 20. Qd2 Qa7 21.
Rfd1 Rfd8 22. Nd4 Nf8 23. Qb2 Qa8 24. Bf3 dxc4 25. bxc4 Bxf3 26. gxf3 e5 27.
Nxf5 Rxd1+ 28. Rxd1 1-0

[Event "11. OSEM SH"]
[Site "Büsum"]
[Date "2017.09.08"]
[Round "1.86"]
[White "Horn, Wilfried"]
[Black "Aigner, Georg"]
[Result "1/2-1/2"]
[WhiteElo "1412"]
[BlackElo "1898"]
[PlyCount "113"]
[EventDate "2017.??.??"]
[WhiteTeam "SV Bad Schwartau"]
[BlackTeam "SC Taufkirchen"]

1. c4 e5 2. Nc3 Nf6 3. d3 d5 4. cxd5 Nxd5 5. Nf3 Nc6 6. e3 Be7 7. Be2 O-O 8. d4
exd4 9. Nxd4 Nxd4 10. Qxd4 Nb4 11. Qxd8 Rxd8 12. O-O Bf5 13. e4 Be6 14. Bf4 c6
15. a3 Nd3 16. Bxd3 Rxd3 17. Rfd1 Rad8 18. Rxd3 Rxd3 19. Rd1 Rxd1+ 20. Nxd1 Bc4
21. Be3 a6 22. Bd4 c5 23. Bc3 b5 24. Ne3 Bb3 25. Nf5 Bf6 26. Bxf6 gxf6 27. Nd6
b4 28. axb4 cxb4 29. Nb7 Bc4 30. f3 Kf8 31. Kf2 Ke7 32. Ke3 Kd7 33. Nc5+ Kc6
34. Kd4 Bf1 35. g3 a5 36. b3 Be2 37. f4 Bd1 38. Kc4 Be2+ 39. Kd4 Kb5 40. Kd5
Bd1 41. Kd4 a4 42. bxa4+ Bxa4 43. Nd3 Bc2 44. Nb2 b3 45. Kc3 Kc5 46. Na4+ Kd6
47. Kd4 Kc6 48. Kc4 Bxe4 49. Kxb3 Kd5 50. Kc3 Bf5 51. Kd2 Ke4 52. Ke2 Bh3 53.
Nc5+ Kf5 54. Kf2 Bg4 55. Ke3 Bd1 56. Kf2 h5 57. Nd7 1/2-1/2